Why they wrote the New Testament. (Record no. 5001)

000 -LEADER
fixed length control field 00542nam a2200181 a 4500
001 - CONTROL NUMBER
control field :::00002742$&:&@@
003 - CONTROL NUMBER IDENTIFIER
control field OkBaRHE
005 - DATE AND TIME OF LATEST TRANSACTION
control field 20000607103256.0
008 - FIXED-LENGTH DATA ELEMENTS--GENERAL INFORMATION
fixed length control field s1946 j 000 0 eng u
040 ## - CATALOGING SOURCE
Transcribing agency
100 1# - MAIN ENTRY--PERSONAL NAME
Personal name Carver, William Owen.
245 10 - TITLE STATEMENT
Title Why they wrote the New Testament.
260 ## - PUBLICATION, DISTRIBUTION, ETC. (IMPRINT)
Place of publication, distribution, etc Nashville, TN., :
Name of publisher, distributor, etc Convention Press
Date of publication, distribution, etc 1946
300 ## - PHYSICAL DESCRIPTION
Extent 153 p.
650 ## - SUBJECT ADDED ENTRY--TOPICAL TERM
Topical term or geographic name as entry element Bible New Testament
General subdivision Theology
942 ## - ADDED ENTRY ELEMENTS (KOHA)
Source of classification or shelving scheme
Koha item type Books
Copies
Date acquired Withdrawn status Not for loan Permanent Location Copy number Lost status Date last seen Shelving location Price effective from Full call number Source of classification or shelving scheme Damaged status Barcode Koha item type
2010-04-14  RHEMA Bible Training College1 2018-03-16General Stacks2010-04-14BS 2397 .C3  2742Books